000
00199 a2200097 4500
001
1017
100
_a
Henney,K.
245
_a
Radio engineering Handbook
260
_a
_b
Mcgraw
_c
090
_c
589
_d
589
942
_a
NUST-CAE
_c
M
_c
32366
999
_c
236090
_d
236090